Guess the Taylor Swift Song with No Hints - 28 - Statistics

General Stats
  • This quiz has been taken 54 times
  • The average score is 272 of 367
Answer Stats
Answer % Correct
I
100%
me
95%
you
95%
the
93%
The
93%
to
93%
do
90%
in
90%
it,
90%
it
90%
It
90%
my
90%
My
90%
we
90%
and
88%
And
88%
love?
88%
love
88%
on
88%
who
88%
your
88%
Your
88%
All
85%
all
85%
be
85%
don't
85%
go
85%
"Have
85%
have
85%
There
83%
when
83%
where
83%
if
80%
I'm
80%
is,
80%
is
80%
That
80%
that
80%
This
80%
this
80%
too
80%
was
80%
can
78%
Like
78%
mee
78%
meet
78%
night
78%
were
78%
again
75%
as
75%
at
75%
enchanted
75%
know
75%
let
75%
Not
75%
say
75%
say,
75%
with
75%
I'd
73%
its
73%
see
73%
up
73%
are
70%
I'll
70%
met?"
70%
of
70%
someone
70%
waiting
70%
else
68%
enchanting
68%
knew
68%
make
68%
Please
68%
somebody
68%
sparkling,
68%
way
68%
would
68%
eyes
65%
faking
65%
home
65%
wonder
65%
AM,
63%
face
63%
first
63%
now
63%
saw
63%
smiles
63%
tonight
63%
very
63%
2
60%
back
60%
back,
60%
forever
60%
story
60%
alone
58%
door
58%
Forcing
58%
until
58%
will
58%
wondering
58%
ends
55%
room
55%
Wishing
55%
wonderstruck,
55%
awake
53%
laughter,
53%
name,
53%
page
53%
These
53%
'til
53%
whispered,
53%
wide
53%
dancing
50%
echo
50%
forth
50%
line
50%
Starts
50%
starts
50%
'Cross
48%
old
48%
open
48%
place
48%
quick
48%
remarks
48%
soon
48%
spend
48%
words
48%
conversation
45%
flawless,
45%
flawless
45%
"Hey"
45%
kept
45%
lonely
45%
pacing
45%
praying
45%
question
45%
Same
45%
thoughts
45%
blushing
43%
insincerity,
43%
secrecy
43%
tired,
43%
around
40%
held
40%
leaving
40%
passing
40%
silhouette
40%
notes
38%
Vanished
38%
Walls
38%
shifting
35%
vacancy
35%
Counter
33%
lingering
33%
playful
33%
No matching quizzes found
Score Distribution
Percent of People with Each Score
Percentile by Number Answered
Your Score History
You have not taken this quiz